La Unión Soviética y Argentina frente a la crisis centroamericana /
Gespeichert in:
| 1. Verfasser: | |
|---|---|
| Weitere Verfasser: | , |
| Format: | Text |
| Tags: |
Tag hinzufügen
Keine Tags, Fügen Sie den ersten Tag hinzu!
|
MARC
| LEADER | 00000 a a2200000 04500 | ||
|---|---|---|---|
| 001 | 47554 | ||
| 003 | |||
| 040 | |||
| 100 | |a Yopo, Boris | ||
| 245 | |a La Unión Soviética y Argentina frente a la crisis centroamericana / |c Boris Yopo, Roberto Russell, Juan Tokatlian | ||
| 700 | |a Russell, Roberto | ||
| 700 | |a Tokatlian, Juan | ||
| 773 | |g número5, (1987), 87 páginas | ||
| 999 | |c 35727 |d 35727 | ||
